Statistics for Medical Terminology For Body Regions Quiz A-C

Click here to take the quiz!

General Stats

  • This quiz has been taken 509 times
  • The average score is 4 of 15

Answer Stats

HintAnswer% Correct
region between thorax & pelvisabdominal
59%
armpitaxillary
49%
cervicalneck
37%
cheekbuccal
33%
wristcarpal
33%
costalrib
33%
armbrachial
30%
space in front of elbowantecubital
26%
elbowcubital
21%
headcephalic
18%
forearmantebrachial
16%
point of the shoulderacromial
14%
hipcoxal
9%
legcrural
9%
abdomenceliac
2%

Score Distribution

Percentile by Number Answered

Percent of People with Each Score

Your Score History

You have not taken this quiz